000 00817nam a2200265 i 4500
001 000029583
003 DO-SdBNP
005 20230920134353.0
007 ta
008 110419s1988 dr abc 000 0 spa d
040 _aDO-SdBNP
_bspa
_cBNPHU
_erda
049 _aBNPD
082 4 _bT266s
_222
100 1 _aTejeda Franjul, José Carmen del,
_956411
_eautor
245 1 0 _aSabana Buey Baní :
_bescenario patrio /
_cJosé del Carmen Tejeda Franjul.
264 _aSanto Domingo :
_bLa Integral,
_c1988.
300 _a94 páginas :
_bilustraciones, mapas, retratos ;
_c22 cm.
336 _2rdacontent
_atexto
_btxt
337 _2rdamedia
_asin mediación
_bn
338 _2rdacarrier
_avolumen
_bnc
504 _aBibliografía : p. 79-80
590 _aInventariado, 2023/BT
910 _aBtavárez
942 _2ddc
_cLBS1
999 _c29075
_d29075